000 00913nam a2200277Ia 4500
003 OSt
005 20220918171518.0
006 a|||||r|||| 00| 0
007 ta
008 220917b |||||||| |||| 00| 0 eng d
020 _a9781845457648 (hbk)
_c4092.29
024 _a270,860
037 _b1481, 03/06/2013, Govinda Book House
_cTextual
040 _aARTS
_cARTS
_beng
041 _2eng
_aeng
082 _aV6:2.P1, Q1
100 _aLollini Andrea
_936996
245 0 _aConstitutionalism and transitional justice in South Africa
260 _aNew York
_bBerghahn Books U.S.A
_c2011
300 _axv, 221p.
_ccm.
490 _aHuman rights in context; Vol. 5
650 _aHISTORY
700 _a Pollard Alexandra T. Marot Tr.
_936997
942 _hV6:2.P1, Q1
_cTEXL
_2CC
999 _c139889
_d139889